00331nam a2200121Ia 4500008004100000040001700041041001200058082001600070100002500086245004400111260004100155300001300196230917s9999||||xx |||||||||||||| ||und|| e140736aMAIN aEnglish a954.02 S16M aSubrahmanyam, Sanjay 0aMoney and the market in India 1100-1700 aDelhibOxford University Pressc1994 a316p. p.